LLJ's labour law journal digest 2013 : (Record no. 91774)

MARC details
000 -LEADER
fixed length control field 00696nam a22001937a 4500
005 - DATE AND TIME OF LATEST TRANSACTION
control field 20150323115837.0
010 ## - LCCN (DPL NO)
LC control number ENG-112228
020 ## - INTERNATIONAL STANDARD BOOK NUMBER
Terms of availability 495.00
International Standard Book Number 9788180389757
035 ## - SYSTEM CONTROL NUMBER
System control number EN-95760
037 ## - SOURCE OF ACQUISITION
Source of stock number/acquisition DBAD/PUB
082 ## - DEWEY DECIMAL CLASSIFICATION NUMBER
Classification number 344.540102638
100 ## - MAIN ENTRY--PERSONAL NAME
Personal name Venkataraman,R.
245 ## - TITLE STATEMENT
Title LLJ's labour law journal digest 2013 :
Remainder of title January to September with equivalent citations /
Statement of responsibility, etc by R.Venkataraman ; edited by A.R. Lakshmanan...[et al]
260 ## - PUBLICATION, DISTRIBUTION, ETC. (IMPRINT)
Place of publication, distribution, etc Gurgoan
Name of publisher, distributor, etc LexisNexis
Date of publication, distribution, etc 2013
270 ## - ADDRESS
City Gurgoan
Postal code 122002
Address 14th Floor, Building No. 10, Tower-B, DLF Cyber City, Phase-II
300 ## - PHYSICAL DESCRIPTION
Extent xxxi,339p.
Dimensions 25cm(Hb)
700 ## - ADDED ENTRY--PERSONAL NAME
Personal name Lakshmanan,A.R.
942 ## - ADDED ENTRY ELEMENTS (KOHA)
Source of classification or shelving scheme Dewey Decimal Classification
Item type English Books
Call number suffix VEN
Classification part 344.540102638
Holdings
Withdrawn status Lost status Not for loan Collection code Home library Current library Date acquired Source of acquisition Cost, normal purchase price Full call number Barcode Copy number Cost, replacement price Koha item type
    Not For Loan Non-fiction D.B.Act.Division D.B.Act.Division 24/02/2015 DBAD/PUB 495.00 344.540102638 VEN EN-95760 1 495.00 English Books

© Delhi Public Library
Hit Counter
free hit counter